NFL Hall of Famers Who NEVER Won a Super Bowl - Sudden Death - Statistics

General Stats
  • This quiz has been taken 114 times
  • The average score is 8 of 20
Answers on the Grid
Answers color-coded by a green-red scale on the quiz's grid according to % correct below.
Julius Peppers
Ken Stabler
Junior Seau
Troy Aikman
Derrick Brooks
Dwight Freeney
Jason Taylor
DeMarcus Ware
Eric Dickerson
Randy Moss
Ray Lewis
Antonio Gates
LaDainian Tomlinson
Troy Polamalu
Edgerrin James
Len Dawson
Terrell Owens
Marvin Harrison
Art Monk
Cris Carter
Ty Law
Champ Bailey
Andre Johnson
Jared Allen
Lawrence Taylor
Thurman Thomas
Reggie White
Brian Dawkins
Dan Marino
Steve Hutchinson
Marcus Allen
Steve Young
Zach Thomas
Walter Payton
Tim Brown
Richard Seymour
Franco Harris
Tony Dorsett
Isaac Bruce
Devin Hester
 
Answer Stats
Answer % Correct
Julius Peppers
76%
LaDainian Tomlinson
61%
Dan Marino
55%
Antonio Gates
54%
Junior Seau
54%
Randy Moss
54%
Devin Hester
46%
Jason Taylor
45%
Eric Dickerson
42%
Jared Allen
41%
Cris Carter
39%
Terrell Owens
39%
Andre Johnson
38%
Thurman Thomas
35%
Brian Dawkins
32%
Zach Thomas
32%
Champ Bailey
28%
Tim Brown
24%
Steve Hutchinson
23%
Edgerrin James
22%
No matching quizzes found
Score Distribution
Percent of People with Each Score
Percentile by Number Answered
Your Score History
You have not taken this quiz